| 000 | 00510nam a2200181 a 4500 | ||
|---|---|---|---|
| 001 | 000032700 | ||
| 005 | 20200930065802.0 | ||
| 008 | 100222s1908 dr 001 0 spa d | ||
| 040 |
_aDO-SdBNP _bspa _cBNPHU |
||
| 082 |
_axxxx _bR426l |
||
| 110 | 1 |
_aRepública Dominicana _9447 |
|
| 240 | 1 | 3 | _a[Leyes etc.] |
| 245 | 1 | 0 | _aLey de organización judicial y de procedimiento de casación. |
| 250 | _aed. oficial | ||
| 260 |
_aSanto Domingo : _bImp. Palau, _c1908. |
||
| 300 |
_a34 p. : ; _c23 cm. |
||
| 049 | _aBNPD | ||
| 999 |
_c32191 _d32191 |
||